000 00770nam a2200253 i 4500
001 14181
003 ES-MaACL
005 20230906150736.0
007 t|
008 891108s1988 sp |||| | spa
020 _a84-404-2991-6
080 _a914.50(0:82)
100 1 _aLorenzo, Pedro de.
_974161
245 1 0 _aSeñal de Italia /
_cPedro de Lorenzo.
250 _a1ª ed.
260 _aMadrid :
_bAsociación de Escritores y Artistas Españoles,
_c1988.
300 _a210 p. ;
_c24 cm.
490 1 _aColección Eugenio d'Ors ;
_v7
651 4 _aItalia-
_xDescripción.
_98861
710 2 _aAsociación de Escritores y Artistas Españoles.
_91585
830 1 _aColección Eugenio d'Ors ;
_v7
_9178377
852 _aES-MaACL
_jL-21476
999 _c14181
_d14181